The humanities (Record no. 12117)

MARC details
000 -LEADER
fixed length control field 00478nam a22001577a 4500
003 - CONTROL NUMBER IDENTIFIER
control field URS
005 - DATE AND TIME OF LATEST TRANSACTION
control field 20220114162518.0
008 - FIXED-LENGTH DATA ELEMENTS--GENERAL INFORMATION
fixed length control field 191009b ||||| |||| 00| 0 eng d
020 ## - INTERNATIONAL STANDARD BOOK NUMBER
International Standard Book Number 0070179719 (pbk.)
040 ## - CATALOGING SOURCE
Original cataloging agency DML
Language of cataloging eng
Transcribing agency DMLUC
Modifying agency URS
100 ## - MAIN ENTRY--PERSONAL NAME
Personal name Louise Dudley, Austin Faricy and James G. Rice.
245 ## - TITLE STATEMENT
Title The humanities
Statement of responsibility, etc. Louise Dudley, Austin Faricy revised by James G. Rice.
260 ## - PUBLICATION, DISTRIBUTION, ETC.
Place of publication, distribution, etc. Quezon City
Name of publisher, distributor, etc. JMC Press
Date of publication, distribution, etc. 1978
300 ## - PHYSICAL DESCRIPTION
Extent 536 pages
Other physical details ill.
942 ## - ADDED ENTRY ELEMENTS (KOHA)
Source of classification or shelving scheme Library of Congress Classification
Koha item type Books
Holdings
Withdrawn status Source of classification or shelving scheme Damaged status Not for loan Home library Current library Shelving location Date acquired Source of acquisition Total Checkouts Barcode Date last seen Price effective from Koha item type
  Dewey Decimal Classification     Angono College Library Angono College Library On Display 10/09/2019 Purchased   URSANG-1917 10/09/2019 10/09/2019 Books

University of Rizal System
Email us at univlibservices@urs.edu.ph

Visit our Website www.urs.edu.ph/library